Normal view
MARC view
- طاحون ، زكريا
Entry Personal Name
001 - CONTROL NUMBER
- control field: 31998
003 - CONTROL NUMBER IDENTIFIER
- control field: JO-AjAnu
005 - DATE AND TIME OF LATEST TRANSACTION
- control field: 20230606075401.0
008 - FIXED-LENGTH DATA ELEMENTS
- fixed length control field: 230606|| aca||aabn | a|a d
040 ## - CATALOGING SOURCE
- Original cataloging agency: JO-AjAnu
- Transcribing agency: JO-AjAnu
100 ## - HEADING--PERSONAL NAME
- Personal name: طاحون ، زكريا
670 ## - SOURCE DATA FOUND
- Source citation: Work cat.: (JO-AjAnu)16433: طاحون ، زكريا, author, المنظور البيئي في التخطيط الزراعي والصناعي